Same-Date Holiday Match-Up Quiz Stats

 Plays Quiz Updated Dec 31, 2014

Challenge
Share
Tweet
Score 0/18 Timer 05:00
1 Play Today
% Correct
December 25th
97.7%
April 1st
97.6%
December 24th
97.5%
January 1st
97.3%
December 31st
97.3%
October 31st
97.2%
February 14th
97.2%
July 4th
96.7%
May 1st
95%
% Correct
February 29th
94.6%
March 17th
94.5%
May 5th
91.1%
February 2nd
89.1%
November 11th
85.6%
November 5th
68.1%
June 14th
67.4%
July 14th
66.8%
July 1st
60.1%

You're not logged in!

Compare scores with friends on all Sporcle quizzes.
Join for Free
OR
Log In

You Might Also Like...

Show Comments

Extras

Top Quizzes Today


Score Distribution

Your Account Isn't Verified!

In order to create a playlist on Sporcle, you need to verify the email address you used during registration. Go to your Sporcle Settings to finish the process.

Report this User

Report this user for behavior that violates our Community Guidelines.

Details: